| 000 | 00504nam a2200205Ia 4500 | ||
|---|---|---|---|
| 008 | 170918s9999 xx 000 0 und d | ||
| 020 | _a9781442479364 | ||
| 050 | _bT239 2013 | ||
| 100 | _aTaylor, Chloe | ||
| 245 | _aOn pins and needles / | ||
| 245 | _cby Chloe Taylor ; illustrated by Nancy Zhang. | ||
| 260 | _aNew York : | ||
| 260 | _bSimon Spotlight, | ||
| 260 | _c2013 | ||
| 300 | _a152 pages : | ||
| 300 | _billustrations ; | ||
| 300 | _c19cm. | ||
| 300 | _eSew Zoey ; | ||
| 440 | _a2 | ||
| 999 |
_c344307 _d344307 |
||